Statistics for Australia Country Quiz

Click here to take the quiz!

General Stats

  • This quiz has been taken 49,956 times
    (48,274 since last reset)
  • The average score is 14 of 20

Answer Stats

QuestionAnswer% Correct
Most populous citySydney
99%
Capital of AustraliaCanberra
97%
Largest islandTasmania
92%
State which begins with QQueensland
90%
World's largest coral reefGreat {Barrier}
Reef
89%
Animals that appear on the coat of armsKangaroo
88%
Term for the vast, remote,
interior regions of Australia
The {Outback}
80%
Landmark also known as Ayers RockUluru
76%
The indigenous people of the
Australian mainland
{Aboriginal}
Australians
72%
New South Wales was originally
founded as a ...
{Penal} Colony
67%
Brand of yeast extract spreadVegemite
66%
Animals that appear on the coat of armsEmu
64%
Holiday celebrated the 26th January{Australia} Day
57%
Sometimes called the world's most
venomous creature
Box {Jellyfish}
57%
Name that Dutch explorer Abel Tasman
gave to Australia
New {Holland}
50%
National gemstoneOpal
50%
Echidnas are one type of "monotreme".
What is the other?
Platypuses
50%
National anthemAdvance
Australia {Fair}
42%
Like the above, but not as remoteThe {Bush}
38%
What you won't find in
South Australia's Nullarbor Plain
Trees
31%

Score Distribution

Percentile by Number Answered

Percent of People with Each Score

Your Score History

You have not taken this quiz since the last reset